Statistics for More Stupid Deaths, Stupid Deaths!

Click here to take the quiz!

General Stats

  • This quiz has been taken 53 times
  • The average score is 6 of 10

Answer Stats

QuestionAnswer% Correct
Edmund Ironside was stabbed in the buttocks by an assassin hiding in his toilet.True
77%
Clement Vallandigham died showing how the victim might have killed himself using a loaded gun.True
77%
Molière died from tuberculosis during a scene in a play called “The Imaginary Invalid”. During a scene where his character has a coughing fit, he had a real coughing fit and died on stage.True
75%
Mary The Elephant was hanged using a railcar-mounted crane in front of two thousand people after she killed her trainer.True
64%
Isadora Duncan died after neck snapped when her scarf got caught in the wheel of the car she was in.True
64%
Mathilda Of Austria died when her dress caught fire from the cigarette she hid behind her back.True
61%
Sir William Payne-Gallwey died after he tripped and was stabbed in the guts by a carrots.False
57%
Dick Wertheim, a tennis linesman, died after he got hit in the groin by a tennis ball and fell out of his chair.True
43%
Tycho Brahe died from constipation because he refused to leave a banquet until it was over.False
36%
Sally Marlen died from blood loss after her leg got crushed by an elephant’s foot.False
27%

Score Distribution

Percentile by Number Answered

Percent of People with Each Score

Your Score History

You have not taken this quiz